Most Common Words In English Starting With N - Statistics

General Stats
  • This quiz has been taken 4,103 times
  • The average score is 37 of 63
Answer Stats
Word % Correct
no
100%
not
98%
name
93%
new
93%
nor
93%
now
90%
never
88%
near
85%
need
82%
net
82%
none
82%
night
81%
note
81%
nose
80%
nothing
77%
nice
76%
nine
76%
number
76%
nod
75%
north
75%
neck
73%
nut
73%
normal
69%
next
67%
news
62%
nation
61%
nearly
60%
national
59%
natural
59%
neither
59%
nature
57%
northern
55%
naked
54%
newly
53%
nobody
52%
novel
52%
negative
51%
normally
51%
notice
51%
nurse
51%
nowhere
50%
naturally
48%
noise
46%
nerve
45%
necessary
44%
nearby
43%
nervous
43%
native
41%
newspaper
41%
neighbor
40%
narrow
39%
negotiate
39%
nevertheless
38%
nomination
36%
negotiation
35%
neighborhood
31%
notion
31%
nuclear
31%
numerous
29%
network
28%
narrative
26%
nonetheless
25%
necessarily
24%
No matching quizzes found
Score Distribution
Percent of People with Each Score
Percentile by Number Answered
Your Score History
You have not taken this quiz